| 000 | 01202nam0a22002771 4500 | ||
|---|---|---|---|
| 001 | rc\2824432 | ||
| 005 | 20110623131559.0 | ||
| 035 | _a(NLR Aleph) 007211571 | ||
| 090 |
_a7670475 _c7670475 |
||
| 100 | _a20110623d1932 |||y0rusy50 ca | ||
| 101 | 0 | _arus | |
| 102 | _aRU | ||
| 105 | _ace z ||||| | ||
| 200 | 1 |
_aПушкин в жизни _eСистематич. свод подлинных свидетельств современников _eС ил. на отд. листах _eI-II _fВ. Вересаев |
|
| 205 | _a5-е изд., знач. доп. | ||
| 210 |
_aМосква _aЛенинград _cAcademia _d1932 _eМосква _g16 тип. треста "Полиграфкнига" |
||
| 215 |
_aПер., 292, 336, [3] с., 23 вкл. л. портр. _cплан., портр. _d26х18 см |
||
| 300 | _aПереплет, тит. л. И.Ф. Рерберг | ||
| 600 | 1 |
_aПушкин _bА.С. _f1799-1837 _gАлександр Сергеевич |
|
| 700 | 1 |
_aВересаев _bВ. В. _f1867-1945 _gВикентий Викентьевич |
|
| 702 | 1 |
_aРерберг _bИ. Ф. _4570 |
|
| 801 | 0 |
_aRU _bNLR _gpsbo |
|
| 801 | 1 |
_aRU _bELAR _2rusmarc |
|
| 852 |
_aNLR _j32-19/641 |
||
| 942 | _cBOOK | ||
| 980 | _aNB | ||